Random Knowledge Quiz #76 - Statistics

General Stats
  • This quiz has been taken 116 times
  • The average score is 10 of 15
Answer Stats
Questions Answer % Correct
What is the Friday before Easter Sunday called? Good Friday
88%
What Egyptian pharaoh was known as "The Boy King"? Tutankhamun
87%
What is an element, a planet and the last name of a singer? Mercury
84%
In "The Wizard of Oz", what was the lion in search of? Courage
82%
Name one of the two metals that form the majority of the Earth's core? Iron and nickel
82%
Which animal is on the Porsche logo? Horse
80%
Thermal decomposition means breaking a compound down using what? Heat
76%
What film company's logo uses a lamp called Luxo, Jr. as the letter I? Pixar
70%
In 1994, Elton John wrote the songs for which Disney animated film with lyricist Tim Rice? The Lion King
70%
Finish these lyrics: Raindrops on roses and whiskers on kittens / Bright copper kettles and warm woolen mittens / Brown paper packages tied up with strings / These are a few of... My favorite things
69%
Gouda cheese comes from what country? Netherlands
68%
What comes after 0, 1, 1, 2, 3, 5, 8, 13, 21 and 34? 55
67%
What is frozen to make dry ice? Carbon dioxide
60%
What was the capital of the USA before Washington DC? Philadelphia
49%
What Grimm's fairy-tale character is named for a vegetable craved by her pregnant mother? Rapunzel
15%
No matching quizzes found
Score Distribution
Percent of People with Each Score
Percentile by Number Answered
Your Score History
You have not taken this quiz